WWE Royal Rumble 2020 Entrants - Statistics

General Stats
  • This quiz has been taken 13 times
  • The average score is 27 of 60
Answer Stats
Draw Brand Women's Rumble % Correct
26 SmackDown Roman Reigns
100%
1 Raw Brock Lesnar
90%
16 Raw Drew McIntyre
80%
21 Unaffiliated Edge
80%
30 Raw Seth Rollins
80%
17 SmackDown The Miz
80%
6 SmackDown Kofi Kingston
70%
12 Unaffiliated MVP
70%
10 Raw Shelton Benjamin
70%
18 Raw AJ Styles
60%
8 SmackDown Big E
60%
13 NXT Keith Lee
60%
27 Raw Kevin Owens
60%
25 Raw Randy Orton
60%
7 Raw Rey Mysterio
60%
15 Raw Ricochet
60%
29 Raw Samoa Joe
60%
2 NXT Bianca Belair
50%
14 SmackDown Braun Strowman
50%
9 SmackDown Cesaro
50%
19 SmackDown Dolph Ziggler
50%
3 Raw Erick Rowan
50%
5 SmackDown John Morrison
50%
23 NXT Matt Riddle
50%
11 SmackDown Shinsuke Nakamura
50%
13 SmackDown Dana Brooke
40%
2 SmackDown Elias
40%
20 Raw Karl Anderson
40%
22 SmackDown King Corbin
40%
24 Raw Luke Gallows
40%
18 SmackDown Naomi
40%
23 Raw Natalya
40%
4 SmackDown Nikki Cross
40%
4 SmackDown Robert Roode
40%
30 NXT Shayna Baszler
40%
20 NXT Toni Storm
40%
28 Raw Aleister Black
30%
1 SmackDown Alexa Bliss
30%
9 NXT Candice LeRae
30%
27 SmackDown Carmella
30%
17 Raw Charlotte Flair
30%
15 NXT Dakota Kai
30%
11 Raw Kairi Sane
30%
21 Unaffiliated Kelly Kelly
30%
5 Raw Lana
30%
7 Raw Liv Morgan
30%
8 SmackDown Mandy Rose
30%
12 NXT Mia Yim
30%
22 Raw Sarah Logan
30%
10 SmackDown Sonya Deville
30%
14 SmackDown Tamina
30%
19 NXT Beth Phoenix
20%
16 NXT Chelsea Green
20%
6 NXT Mercedes Martinez
20%
3 Unaffiliated Mighty Molly
20%
29 Unaffiliated Santina Marella
20%
26 NXT Shotzi Blackheart
20%
28 NXT Tegan Nox
20%
24 NXT Xia Li
20%
25 Raw Zelina Vega
20%
No matching quizzes found
Score Distribution
Percent of People with Each Score
Percentile by Number Answered
Your Score History
You have not taken this quiz